00331 a2200121 4500020001100000035001100011037002900022082001000051100002500061245005700086260003300143300003300176 c340.00 aB-8190 bRP-M- / RP-00-01-UBH-DIR14a362.21 aAdil, Mahendra Singh1 aManual of Police Law in Delhicby Mahendra Sing Adil aDelhibCapital Housec(200?) axvi, 590, viii pc20 cm (HB)